01292nam a22002897a 4500003000400000005001700004008004100021040002200062082001800084100002500102245003000127260006000157300002100217366000800238490002800246505008000274505025900354505001200613650005500625650004700680650004800727650004300775650004500818650005600863650004700919700003600966OSt20230621093158.0221006b |||||||| |||| 00| 0 eng d cBiblioteca Lado V a709.05bG851a aGriffin, Timeeditor aArtforum/bInternacional/ aNew Yorkc2007bNew York editorial and business offices c26.5x27cma536p. espa aSUMMERv2007x0864-1315 tCOLUMNSaPASSAGES BOOKS FILM SOUND ON SITE PERFORMANCE SLANT TOP TEN tFEATURESgWho is guy de cointet? The Beggar's Pantomime Set Piece In Conversation: Domesticity at war 1000 Words: Francesco Vezzoli A kind of true living Accounting for days: pages from Twice-told tales The art of education Openings Aaron Curry tREVIEWS 2Tesauro de Arte & ArquitecturaaARTE COMTEMPORANEO 2Tesauro de Arte & ArquitecturaaFOTOGRAFIA 2Tesauro de Arte & ArquitecturaaARTE VISUAL 2Tesauro de Arte & ArquitecturaaLIBROS 2Tesauro de Arte & ArquitecturaaNOTICIAS 2 Tesauro de Arte & ArquitecturaaARTE INTERNACIONAL 2 Tesauro de Arte & ArquitecturaaESCULTURA aNavarreta, Jose Antonioeeditor